Heimatstädte deutscher Bands #1 - Statistiken

Allgemein
  • Dieses Quiz wurde 160 mal gespielt
  • Das Durchschnittsergebnis liegt bei 7 aus 20
Antwortstatistiken
Band Stadt % Korrekt
Söhne Mannheims Mannheim
95%
Die Toten Hosen Düsseldorf
84%
Seeed Berlin
73%
BAP Köln
67%
Die Ärzte Berlin
65%
Die Prinzen Leipzig
52%
Tokio Hotel Magdeburg
49%
Rammstein Berlin
41%
Rosenstolz Berlin
40%
Milli Vanilli München
30%
Tocotronic Hamburg
23%
Modern Talking Berlin
22%
Nena Hagen
21%
Pur Bietigheim-Bissingen
19%
KMFDM Hamburg
13%
Alphaville Münster
11%
Kreator Essen
9%
Cascada Bonn
6%
Oomph! Wolfsburg
6%
Accept Solingen
5%
Keine übereinstimmenden Quizze gefunden
Verteilung der Resultate
Anzahl Personen mit jedem Resultat
Perzentil nach korrekt beantworteten Fragen
Ihre Resultats-Entwicklung
Sie haben dieses Quiz noch nicht gespielt